CONSERVATION CULTIVATION AND EXPLORATION OF THE RAPEUTIC POTENTIAL OF MEDICINAL PLANTS (Record no. 8651)

MARC details
000 -LEADER
fixed length control field 00385nam a22001337a 4500
003 - CONTROL NUMBER IDENTIFIER
control field SGT
082 ## - DEWEY DECIMAL CLASSIFICATION NUMBER
Classification number 615.53
Item number C00K
100 ## - MAIN ENTRY--PERSONAL NAME
Personal name KUMAR,ABHIMANYU
245 ## - TITLE STATEMENT
Title CONSERVATION CULTIVATION AND EXPLORATION OF THE RAPEUTIC POTENTIAL OF MEDICINAL PLANTS
260 ## - PUBLICATION, DISTRIBUTION, ETC. (IMPRINT)
Place of publication, distribution, etc DELHI
Name of publisher, distributor, etc MINISTRY OF HEALTH & FAMILY WELFARE.
Year of Publication S.N
300 ## - PAGE DESCRIPTION
No. of Pages 514
650 ## - SUBJECT ADDED ENTRY--TOPICAL TERM
Topical term or geographic name as entry element AYURVEDA MEDICINAL PLANTS
942 ## - ADDED ENTRY ELEMENTS (KOHA)
Source of classification or shelving scheme Dewey Decimal Classification
Koha item type Books
Holdings
Withdrawn status Lost status Source of classification or shelving scheme Damaged status Use restrictions Not for loan Collection code Home library Current library Shelving location Date acquired Vendor Name Cost, normal purchase price SGTU Bill Number Full call number Accession No. (Barcode) Date last seen Bill Date Koha item type
    Dewey Decimal Classification   Restricted Access   AYURVEDA SGT FA-FP Library SGT FA-FP Library Reference Book 29/03/2016 C.C.R.A.S. 670.00 SGTU 14294 615.53 C00K FA4629 29/03/2016 13/01/2016 Books
    Dewey Decimal Classification   Restricted Access   AYURVEDA SGT FA-FP Library SGT FA-FP Library Reference Book 29/03/2016 C.C.R.A.S. 670.00 SGTU 14294 615.53 C00K FA4630 29/03/2016 13/01/2016 Books
    Dewey Decimal Classification   Restricted Access   AYURVEDA SGT FA-FP Library SGT FA-FP Library Reference Book 29/03/2016 C.C.R.A.S. 670.00 SGTU 14294 615.53 C00K FA4631 29/03/2016 13/01/2016 Books
    Dewey Decimal Classification   Restricted Access   AYURVEDA SGT FA-FP Library SGT FA-FP Library Reference Book 29/03/2016 C.C.R.A.S. 670.00 SGTU 14294 615.53 C00K FA4632 29/03/2016 13/01/2016 Books